000 01222nam a2200337 c 4500
003 BLK
005 20180422112927.0
008 180410b bul|||||r ||||||| ||bul||
010 _aKNG00155733000
020 _a978-954-2927-10-5
_bиздат.: Даскал Петър Иванов
040 _aBLK
041 _aBUL
_cBUL
072 7 _2bullib
_aН8400
_xБългарска поезия Н
080 _aБългарска литература
_b821.163.2
_x-1
_z821.163.2-1
100 1 _aСтоянов, Румен
_eпърви автор
_9369047
700 1 _aСтоянов, Момчил
_eрис.
_9373724
139 _aСтоянов, Румен
_bС 83
245 1 0 _aЗлак
_cРумен Стоянов; рис. Момчил Стоянов.
257 _aBGR
260 Ст. Загора
_bДаскал Петър Иванов
_c2012
300 _a156 с.
_bс ил.
_c20 см
380 _aX
500 _a500 тир. - Съдържа и за авт.
653 _aстихотворения
659 _aН
852 _aЦб 267861
856 4 _qpdf
_u
856 4 _qpdf
_u
942 _cKNG
_n0
944 _aCR
_c20.01.2014
_lф /
_kПенка_Димитрова
944 _aED
_c11.10.2016
_lф /
_kВиолета_Тройчева
999 _c149470
_d149470